000 00495nam a2200193Ia 4500
008 240729s9999 xx 000 0 und d
022 _a1983-0572
245 0 _aEntomoBrasilis
260 _aBrazil
260 _bEntomologistas do Brasil
650 _a Biology (General)
650 _a Botany | Science
650 _a Ecology | Science
650 _a Zoology
650 _aScience
856 _uhttps://doaj.org/toc/f2c3592b369041559aef40e6420414f6
942 _2ddc
942 _cDOAJEJ
999 _c65637
_d65637
945 _a1
_bMadushi Gamage
_c1
_dMadushi Gamage